000 00485nam a2200181Ia 4500
005 20260429111915.0
008 260429s9999||||xx |||||||||||||| ||und||
020 _a9789387695610
041 _aEnglish
082 _a635
_bCHA
100 _aChandra, Lokesh
245 0 _aManagement of horti-based industry /
_cLokesh Chandra
260 _aNew Delhi :
_bAgri Horti Press,
_c2024.
300 _aviii, 284 p.; hb
650 _aHorticulture
700 _a Menon, Dinesh
942 _cTB
999 _c51369
_d51369